00553nam a2200193Ia 4500003000400000008004100004040001600045082001700061100002200078245007400100260004800174300000700222650001300229650001400242650001900256650003900275650003200314650001300346GCL140319s9999 xx 000 0 eng d aGCL / cGCL04a808.0207bIS1 aIGWE, S.OKORONKWO10aSTUDENT'S GUIDE TO RESEARCH PAPERS IN EDUCATION / cIGWE, S.OKORONKWO a[S.N] : bEVANS. BROTHERS LIMITED ، c1993 a6904aRESEARCH04aEDUCATION04aREPORT WRITING04aREPORT WRITING - BAND BOOKS MANUEL04aRESEARCH HAND BOOKS MANUALS04aSTUDENTS